| 000 | 00896cam a2200205 i 4500 | ||
|---|---|---|---|
| 005 | 20251202085928.0 | ||
| 008 | 250721s2004 sy gr 000 0 ara d | ||
| 082 | 1 | 4 |
_a213.63 _bض ح ا |
| 100 | 1 |
_aالضحاك الشيباني، أبو بكر أحمد بن محمد بن عمرو. _eمؤلف. |
|
| 245 | 1 | 0 |
_aكتاب الاوائل / _cتأليف ابي بكر احمد بن عمرو بن ابي عاصم الشيباني ؛ قابل باصوله وخرج محمد بن ناصر العجمي. |
| 250 | _aالطبعة الأولى. | ||
| 264 | 3 | 1 |
_aبيروت : _bدار البشائر الاسلامية، _c2004. |
| 300 | _a160 صفحة. | ||
| 650 | 1 | 7 | _aالأحاديث. |
| 650 | 1 | 7 | _aالفقه الإسلامي. |
| 650 | 1 | 7 | _aالأحكام الشرعية. |
| 700 | 1 |
_aالعجمي، محمد بن ناصر _eخرج. |
|
| 942 |
_2ddc _cBK |
||
| 999 |
_c90864 _d90864 |
||